[Event "Badalona op 45th"]
[Site "Badalona"]
[Date "2019.08.04"]
[Round "3"]
[White "Arora, Honi"]
[Black "Hernandez, Cristian Andres"]
[Result "0-1"]
[WhiteElo "1645"]
[BlackElo "2362"]
[PlyCount "112"]
[EventDate "2019.08.02"]
[EventType "swiss"]
[EventRounds "9"]
[EventCountry "ESP"]
[SourceTitle "EXT 2021"]
[Source "ChessBase"]
[SourceDate "2020.10.23"]
[SourceVersion "1"]
[SourceVersionDate "2020.10.23"]
[SourceQuality "1"]

1. d4 Nf6 2. Nf3 e6 3. Bf4 c5 4. e3 d5 5. c3 Bd6 6. Ne5 Nc6 7. Nd2 Qc7 8. Ndf3 Nd7 9. Nxd7 Bxd7 10. Bxd6 Qxd6 11. Bd3 h6 12. 0-0 0-0 13. dxc5 Qxc5 14. e4 dxe4 15. Bxe4 Rad8 16. Qe2 Ne7 17. Rfd1 Bb5 18. Bd3 Bxd3 19. Rxd3 Rxd3 20. Qxd3 Nc6 21. Rd1 Rd8 22. Qe2 Rd5 23. Rxd5 Qxd5 24. b3 e5 25. Qd2 Qe6 26. h3 f5 27. Qe3 Qd5 28. Qd2 Qxd2 29. Nxd2 Kf7 30. f3 h5 31. g3 Ke6 32. Kf2 Kd5 33. Ke3 Nd8 34. a3 Ne6 35. Kd3 h4 36. gxh4 Nf4+ 37. Ke3 Nxh3 38. c4+ Kd6 39. b4 b6 40. Ke2 Nf4+ 41. Kf2 Ke6 42. Nf1 a5 43. Ne3 g6 44. Nc2 Nd3+ 45. Ke3 Nb2 46. f4 Nxc4+ 47. Kf3 Kd5 48. fxe5 Nxe5+ 49. Ke3 a4 50. Kf4 b5 51. h5 gxh5 52. Ne3+ Ke6 53. Nxf5 Nc6 54. Ke4 Kd7 55. Nh4 Nxb4 56. axb4 a3 0-1

[Event "Barcelona Sant Marti op 21st"]
[Site "Barcelona"]
[Date "2019.07.20"]
[Round "8"]
[White "Arora, Honi"]
[Black "Haak, Eelco"]
[Result "1/2-1/2"]
[WhiteElo "1645"]
[BlackElo "2034"]
[PlyCount "112"]
[EventDate "2019.07.13"]
[EventType "swiss"]
[EventRounds "9"]
[EventCountry "ESP"]
[SourceTitle "EXT 2020"]
[Source "ChessBase"]
[SourceDate "2019.10.17"]
[SourceVersion "1"]
[SourceVersionDate "2019.10.17"]
[SourceQuality "1"]

1. d4 c5 2. d5 Nf6 3. Nf3 b5 4. Bg5 Qa5+ 5. c3 Ne4 6. Nbd2 Nxg5 7. Nxg5 Qc7 8. Qb3 Qb6 9. e4 c4 10. Qc2 h6 11. Ngf3 e6 12. dxe6 dxe6 13. a4 Bc5 14. Nb1 Nc6 15. axb5 Qxb5 16. Nbd2 Rb8 17. Nxc4 0-0 18. Be2 Ba6 19. 0-0 Qb7 20. Na5 Nxa5 21. Rxa5 Bxe2 22. Qxe2 Bb6 23. Ra6 Rfd8 24. Rfa1 Rd6 25. b4 Rc8 26. R6a3 Rdc6 27. Rc1 Rc4 28. e5 Rxb4 29. Rd1 Rbc4 30. Qb2 Qc7 31. Rd3 Ba5 32. Qa2 Rxc3 33. Rdxc3 Bxc3 34. Rxa7 Qc5 35. g3 Bxe5 36. Ra8 Bf6 37. Kg2 g5 38. Qa6 Rxa8 39. Qxa8+ Kg7 40. h3 h5 41. Qa4 Bd8 42. Qd4+ Qxd4 43. Nxd4 Bb6 44. Ne2 Kf6 45. g4 hxg4 46. hxg4 Ke5 47. f3 Be3 48. Ng3 Kd4 49. Ne4 Bf4 50. Nf2 Ke3 51. Ne4 Ke2 52. Nf6 Bd2 53. Ne4 Bf4 54. Nf6 Be5 55. Ne4 f6 56. Nc5 Bb2 1/2-1/2

[Event "Barcelona Sant Marti op 21st"]
[Site "Barcelona"]
[Date "2019.07.15"]
[Round "3"]
[White "Santanna, Paulo"]
[Black "Arora, Honi"]
[Result "1-0"]
[WhiteElo "1856"]
[BlackElo "1645"]
[PlyCount "87"]
[EventDate "2019.07.13"]
[EventType "swiss"]
[EventRounds "9"]
[EventCountry "ESP"]
[SourceTitle "EXT 2020"]
[Source "ChessBase"]
[SourceDate "2019.10.17"]
[SourceVersion "1"]
[SourceVersionDate "2019.10.17"]
[SourceQuality "1"]

1. d4 d5 2. Nc3 Nf6 3. Bf4 c6 4. e3 Bf5 5. f3 e6 6. g4 Bg6 7. h4 h5 8. g5 Nfd7 9. Nge2 Be7 10. Bg3 Qb6 11. Rb1 Na6 12. Nf4 Bd6 13. Nxh5 Rxh5 14. Bxd6 c5 15. Bg3 cxd4 16. exd4 Nb4 17. Rh2 a6 18. a3 Nc6 19. Rd2 Ne7 20. Bh3 Nf5 21. Bxf5 Bxf5 22. Kf2 Rc8 23. Kg2 Qc6 24. Qe2 Nb6 25. Na2 Nc4 26. Nb4 Qb5 27. Rdd1 Nxa3 28. Qxb5+ Nxb5 29. Rbc1 a5 30. Nd3 Bxd3 31. Rxd3 Kd7 32. Rb3 Nxd4 33. Rxb7+ Ke8 34. c3 Nf5 35. Ra1 Nxh4+ 36. Bxh4 Rxh4 37. Rxa5 Rf4 38. Kg3 Rf5 39. f4 g6 40. Kg4 Kf8 41. Ra4 Rc6 42. Ra8+ Kg7 43. Rbb8 Kh7 44. Rh8+ 1-0

[Event "Barbera del Valles op 42nd"]
[Site "Barbera del Valles"]
[Date "2019.07.11"]
[Round "8"]
[White "Arora, Honi"]
[Black "Bernat, Ernest"]
[Result "1/2-1/2"]
[WhiteElo "1645"]
[BlackElo "1823"]
[PlyCount "46"]
[EventDate "2019.07.04"]
[EventType "swiss"]
[EventRounds "9"]
[EventCountry "ESP"]
[SourceTitle "CBM 191 Extra"]
[Source "ChessBase"]
[SourceDate "2019.09.30"]
[SourceVersion "1"]
[SourceVersionDate "2019.09.30"]
[SourceQuality "1"]

1. d4 e6 2. Nf3 d5 3. Bf4 f5 4. e3 Nf6 5. Nbd2 Be7 6. Ne5 0-0 7. Bd3 Nbd7 8. Ndf3 c6 9. c4 Qa5+ 10. Nd2 Ne4 11. Bxe4 fxe4 12. 0-0 Nxe5 13. Bxe5 Qd8 14. Qg4 Bf6 15. f4 Qe7 16. c5 Bxe5 17. fxe5 Bd7 18. Rxf8+ Rxf8 19. Rf1 Rxf1+ 20. Nxf1 Be8 21. Nd2 Bg6 22. Qf4 Qd8 23. Nb3 Bh5 1/2-1/2